000 00537nam a2200181 i 4500
001 135305
003 ES-MaACL
005 20240125194628.0
007 t|
008 070716s1934 it ||||1| ita d
100 1 _aTonelli, Luigi.
_9110570
245 1 0 _aDante e la poesia dell'ineffabile /
_cLuigi Tonelli.
260 _aFirenze :
_bBarbéra,
_c1934.
300 _a224 p. ;
_c19 cm.
600 0 4 _aDante Alighieri,
_d1265-1321-
_xCrítica e interpretación
_942658
852 _aES-MaACL
_jA-2456
999 _c135305
_d135305